000 00294nam a2200109 4500
999 _c9866
_d9866
008 180720b ||||| |||| 00| 0 eng d
245 _aMusic is also for the heart.
260 _aPhilippines
_bThe Philippine Star
_cc2016
300 _apage 11.
650 0 _929180
_aTherapeutics.
942 _2ddc
_cPER